Most visited cities in the UK - Statistics

General Stats
  • This quiz has been taken 134 times
  • The average score is 15 of 20
Answer Stats
Number Answer % Correct
1 London
99%
6 Liverpool
96%
3 Manchester
96%
2 Edinburgh
95%
4 Birmingham
92%
10 Cardiff
92%
5 Glasgow
89%
13 Leeds
87%
7 Bristol
86%
12 Newcastle
86%
9 Cambridge
80%
8 Oxford
80%
14 York
76%
11 Brighton
72%
17 Nottingham
66%
16 Bath
63%
19 Aberdeen
59%
15 Inverness
46%
20 Chester
29%
18 Reading
24%
No matching quizzes found
Score Distribution
Percent of People with Each Score
Percentile by Number Answered
Your Score History
You have not taken this quiz